000 00469nam a2200181Ia 4500
005 20250326124911.0
008 250326s9999 xx 000 0 und d
037 _aTextbook
040 _aFMSL
_beng
_cFMSL
041 _aeng
_2eng
084 _aX:8F J9
_qFMSL
100 _aBierman H
_9319819
245 0 _aManagerial accounting
_cBierman H
260 _aNY
_bNY, Macmillan
_c1959
300 _a482p
942 _cTB
_hX:8F J9
999 _c1275696
_d1275696